Statistics for Every Soulsborne Boss (with Sekiro and Elden Ring)

Click here to take the quiz!

General Stats

  • This quiz has been taken 446 times
  • The average score is 96 of 178

Answer Stats

HintAnswer% Correct
Dark SoulsGwyn, Lord of Cinder
80%
Dark SoulsAsylum Demon
75%
Dark SoulsDragonslayer Ornstein & Executioner Smough
75%
SekiroIsshin, the Sword Saint
74%
Dark SoulsTaurus Demon
73%
Dark SoulsBed of Chaos
72%
Dark Souls IIISoul of Cinder
71%
Dark SoulsCapra Demon
70%
Dark SoulsKnight Artorias
70%
Dark Souls IILud & Zallen, the King's Pets
70%
SekiroOwl (Father)
70%
Dark Souls IIISlave Knight Gael
70%
SekiroGenichiro, Way of Tomoe
69%
Dark SoulsGreat Grey Wolf Sif
69%
Dark SoulsManus, Father of the Abyss
69%
Dark Souls IIINameless King
69%
Dark SoulsSeath the Scaleless
69%
Dark SoulsCentipede Demon
68%
Dark Souls IIIIudex Gundyr
68%
Dark SoulsDark Sun Gwyndolin
67%
Dark SoulsGravelord Nito
67%
Dark Souls IIIAbyss Watchers
66%
BloodborneCleric Beast
66%
Dark Souls IIITwin Princes
66%
Dark Souls IIIVordt of the Boreal Valley
66%
Dark SoulsBell Gargoyles
65%
Dark SoulsChaos Witch Quelaag
65%
Dark SoulsFour Kings
65%
Elden RingRadagon of the Golden Order/Elden Beast
65%
Dark SoulsIron Golem
64%
Elden RingMalenia, Goddess of Rot
64%
Dark SoulsMoonlight Butterfly
64%
BloodborneOrphan of Kos
64%
Dark SoulsPinwheel
64%
Dark Souls IIIYhorm the Giant
64%
Dark SoulsBlack Dragon Kalameet
63%
Dark Souls IIIChampion Gundyr
63%
Dark SoulsGaping Dragon
63%
Elden RingGodrick the Grafted
63%
Demon's SoulsOld King Allant
63%
Dark Souls IIISister Friede & Father Ariandel
63%
Dark SoulsStray Demon
63%
Dark Souls IIIDancer of the Boreal Valley
62%
Dark Souls IIIDarkeater Midir
62%
Dark SoulsDemon Firesage
62%
BloodborneFather Gascoigne
62%
SekiroGuardian Ape
62%
Demon's SoulsKing Allant
62%
BloodborneBlood-Starved Beast
61%
Dark Souls IIICrystal Sage
61%
Dark Souls IIIDemon Prince
61%
BloodborneGehrman, the First Hunter
61%
BloodborneMoon Presence
61%
Dark SoulsCeaseless Discharge
60%
Dark SoulsCrossbreed Priscilla
60%
Elden RingMargit, the Fell Omen
60%
Dark Souls IIIPontiff Sulyvahn
60%
Dark SoulsSanctuary Guardian
60%
Dark Souls IIIDeacons of the Deep
59%
SekiroLady Butterfly
59%
BloodborneVicar Amelia
59%
Dark Souls IIIHigh Lord Wolnir
58%
BloodborneLudwig, the Holy Blade
58%
Demon's SoulsPhalanx
58%
Demon's SoulsTower Knight
58%
Dark Souls IIIAldrich, Devourer of Gods
57%
Dark Souls IIICurse-Rotted Greatwood
57%
BloodborneLady Maria of the Astral Clocktower
57%
Dark Souls IIIOld Demon King
57%
Elden RingRennala, Queen of the Full Moon
57%
Elden RingStarscourge Radahn
57%
Dark Souls IIThe Last Giant
57%
SekiroTrue Corrupted Monk
57%
BloodborneAmygdala
56%
Dark Souls IIIAncient Wyvern
56%
SekiroCorrupted Monk
56%
SekiroDemon of Hatred
56%
Demon's SoulsDragon God
56%
BloodborneLiving Failures
56%
BloodborneMergo's Wet Nurse
56%
Demon's SoulsPenetrator
56%
BloodborneRom, the Vacuous Spider
56%
BloodborneWitches of Hemwick
56%
Dark Souls IIIDragonslayer Armour
55%
SekiroEmma, the Gentle Blade/Isshin Ashina
55%
BloodborneLaurence, the First Vicar
55%
BloodborneMicolash, Host of the Nightmare
55%
Demon's SoulsFlamelurker
54%
SekiroFolding Screen Monkeys
54%
Elden RingMohg, Lord of Blood
54%
Elden RingMorgott, the Omen King
54%
Demon's SoulsVanguard
54%
Dark Souls IIAldia, Scholar of the First Sin
53%
Dark Souls IIFume Knight
53%
Elden RingGodfrey, First Elden Lord
53%
Dark Souls IIIOceiros, the Consumed King
53%
BloodborneShadows of Yharnam
53%
Dark Souls IIIHalflight, Spear of the Church
52%
Elden RingMaliketh, the Black Blade
52%
Dark Souls IINashandra
52%
Dark Souls IIThe Rotten
52%
Elden RingFire Giant
51%
SekiroHeadless Ape
51%
Demon's SoulsStorm King
51%
Dark Souls IIThe Pursuer
51%
BloodborneDarkbeast Paarl
50%
Demon's SoulsLeechmonger
50%
Dark Souls IIOld Iron King
50%
Dark Souls IISmelter Demon
50%
Demon's SoulsAdjudicator
49%
Dark Souls IIAncient Dragon
49%
Demon's SoulsArmor Spider
49%
Elden RingAstel, Naturalborn of the Void
49%
Dark Souls IIIChampions Gravetender & Gravetender Greatwolf
49%
Elden RingGodskin Duo
49%
BloodborneMartyr Logarius
49%
Dark Souls IIOld Dragonslayer
49%
Elden RingRykard, Lord of Blasphemy
49%
BloodborneThe One Reborn
49%
Dark Souls IIDragonrider
48%
Demon's SoulsManeaters
48%
Demon's SoulsOld Hero
48%
Dark Souls IISir Alonne
48%
Dark Souls IIBelfry Gargoyles
47%
BloodborneCelestial Emissary
47%
Dark Souls IILost Sinner
47%
Demon's SoulsMaiden Astraea
47%
Dark Souls IIRoyal Rat Vanguard
47%
Dark Souls IIBurnt Ivory King
46%
BloodborneEbrietas, Daughter of the Cosmos
46%
Demon's SoulsFool's Idol
46%
SekiroGyoubu Oniwa
46%
Elden RingLichdragon Fortissax
46%
Dark Souls IILooking Glass Knight
46%
Demon's SoulsOld Monk
46%
Elden RingRed Wolf of Radagon
46%
Dark Souls IIRoyal Rat Authority
46%
Dark Souls IIFlexile Sentry
45%
Dark Souls IIThrone Watcher & Throne Defender
45%
Dark Souls IIVendrick
45%
Dark Souls IIDemon of Song
44%
Demon's SoulsDirty Colossus
44%
Elden RingDragonlord Placidusax
44%
Elden RingRegal Ancestor Spirit
44%
Dark Souls IISinh, the Slumbering Dragon
44%
Dark Souls IIThe Duke's Dear Freja
44%
Dark Souls IIRuin Sentinels Ricce, Yahim, & Alessia
43%
Dark Souls IIScorpioness Nakja
43%
Dark Souls IITwin Dragonriders
43%
Dark Souls IIAava, the King's Pet
42%
SekiroGreat Shinobi Owl
42%
Dark Souls IIGuardian Dragon
42%
Dark Souls IIProwling Magus & Congregation
42%
Dark Souls IIVelstadt, the Royal Aegis
42%
Elden RingAncestor Spirit
41%
Dark Souls IICovetous Demon
41%
Dark Souls IIGiant Lord
41%
Elden RingGodskin Noble
41%
Dark Souls IISkeleton Lords
41%
Dark Souls IIElana, the Squalid Queen
39%
Dark Souls IIExecutioner's Chariot
39%
SekiroGenichiro Ashina
39%
Dark Souls IIMytha, the Baneful Queen
39%
Elden RingHoarah Loux, Warrior
38%
Elden RingMohg, the Omen
38%
Elden RingMimic Tear
37%
Dark Souls IIAfflicted Graverobber, Ancient Soldier Varg, & Cerah the Old Explorer
36%
Elden RingLoretta, Knight of the Haligtree
36%
Dark Souls IIDarklurker
35%
Elden RingLeonine Misbegotten
35%
Elden RingCommander Niall
32%
Elden RingRoyal Knight Loretta
31%
Elden RingValiant Gargoyles
31%
Elden RingDragonkin Soldier of Nokstella
29%
Elden RingMagma Wyrm Makar
27%
Elden RingElemer of the Briar
22%

Score Distribution

Percentile by Number Answered

Percent of People with Each Score

Your Score History

You have not taken this quiz